00944nam a2200229 i 4500001000700000003000900007005001700016007000300033008004100036100002700077245023200104250001200336260003700348300003000385650002300415700003600438700004500474700003200519852002200551999001900573952012200592148324ES-MaACL20230906202545.0t|070214s1969 sp a |||| | spa d1 aStebbins, Hal.910796510aPíldoras publicitarias b: una guía estimulante para los que trabajan con palabras / cHal Stebbins ; versión de Octavio Freixas Ortega, Enrique Roma Sáinz de la Maza ; revisión y presentación de Jorge Garriga Puig. a1ª ed. aBarcelona : bOikos-Tau, c1969. a220 p. : bil. ; c22 cm.04aPublicidad.9166091 aFreixas Ortega, Octavio.9524881 aRoma Sáinz de la Maza, Enrique.9992001 aGarriga Puig, Jorge.955745 aES-MaACLjC-47808 c148324d148324 00104070aATENEOMbATENEOMcDEPO2d2008-01-17eSCl0oC-47808p1154792r2023-02-23 00:00:00w2023-02-23yMONOGRAFIA